000 00870nam a2200277 a 4500
003 DO-SdBNP
005 20231002135903.0
007 ta
008 150409s2022 dr a r 001 0 spa dd
020 _a9789945625134
040 _aDO-SdBNP
_bspa
_cBNPHU
_erda
082 _bC512m
_222
100 1 _aChaveco Pérez, Moraima
_973532
245 1 0 _aManual de prácticas de laboratorio de anatomia humana /
_cMoraima Chaveco Pérez
246 _aEscuela de ciencias de la salud y psicología. Carrera de enfermería
264 1 _aSanto Domingo :
_bUAPA,
_c2022.
300 _a76 páginas
_bilustraciones
_c28 cm.
336 _2rdacontent
_atexto
_btxt
337 _2rdamedia
_asin mediación
_bn
338 _2rdacarrier
_avolumen
_bnc
490 _aUAPA ; 1
504 _aBibliografía p: 77-80
590 _aInventariado, 2022/ DG
910 _aDG
942 _2ddc
_cLBS1
999 _c52692
_d52692